00923nam a22002417a 450000500170000000800410001702000240005802000260008202000260010802000260013404000410016004100080020124500570020925000120026626000460027830000340032450400530035850500960041165000480050765000530055565000470060870000260065520250226091614.0250226b ||||| |||| 00| 0 eng d a9781440867941 (set) a9781440867965 (vol 1) a9781440867972 (vol 2) a9781440867958 (ebook) aCO-BoUCMcDavid MorenodDavid Moreno aeng00aGender and identity around the world cChuck Stewart a1a. Ed  aSanta Barbara, CaliforniabABC-CLIOc2021 a2 volumes (xxvi, 999 Paginas) aIncluye referencias bibliográficas e índices rVolume 1. Africa, the Americas, Asia, and Oceania -- volume 2. Europe and the Middle East. 14aIdentidad de géneroxEstudios de género14aMinorías sexuales xEstatus legal, leyes, etc.14aMinorías sexuales xCondiciones sociales1 aStewart, Chuckd1951-